| 000 | 02800nas1a22003851i 4500 | ||
|---|---|---|---|
| 001 | RU\NLR\INFOCOMM15\1000144721 | ||
| 005 | 20240726064136.0 | ||
| 035 | _a(NLR Aleph) 002616294 | ||
| 090 |
_a3575513 _c3575513 |
||
| 100 | _a20040706b19611966|||y0rusy50 ca | ||
| 101 | 0 | _arus | |
| 102 | _aRU | ||
| 110 | _azyu||||0|y0 | ||
| 200 | 1 | _aПолимеры в электроизоляционной технике | |
| 207 | 1 | _aВып.1-12 | |
| 210 |
_aМ. _aЛ. _cГосэнергоиздат _d1961-1966 |
||
| 801 | 1 |
_aRU _bInfoComm _c20040706 |
|
| 801 | 0 |
_aRU _bNLR _gPSBO |
|
| 852 |
_aNLR _jП10/2719 |
||
| 942 | _cSE | ||
| 980 | _aRUSPER | ||